000 02229nam0a2200421 4500
001 RU\NLR\bibl\172678
005 20260406152446.0
010 _a5-02-004361-3
_9400
021 _aRU
_b2001-17788
_9825
035 _a(NLR Aleph) 000169450
090 _a976217
_c976217
100 _a20010716d2001 |||y0rusy50 ca
101 0 _arus
102 _aRU
105 _ac |||||||||
200 1 _aХимическое строение биосферы Земли и ее окружения
_fВ.И. Вернадский
_gОтв. ред.: д. филос. н. Ф.Т. Яншина, д. геол.-минерал. н. С.Н. Жидовинов
_g[Рос. акад. наук. Комис. по разраб. науч. наследия акад. В.И. Вернадского и др.]
210 _aМ.
_cНаука
_d2001
215 _a375, [1] с., [1] л. портр.
_d25
225 1 _aБиблиотека трудов академика В. И. Вернадского
_fГл. ред.: акад. А.Л. Яншин
300 _aВ надзаг. также: Ин-т геохимии и аналит. химии им. В.И. Вернадского, Ин-т литосферы окраин. и внутр. морей
320 _aУказ. предм. и имен.: с. 361-370
320 _aБиблиогр. науч. тр. В.И. Вернадского, тематически связан. с данной работой: с. 358-360. Библиогр. в примеч.: с. 348-357. Библиогр. в примеч. в конце гл.
606 1 _aБиогеохимия
_9911136
_3RU\NLR\AUTH\6613059
610 0 _aБиосфера - Химия
675 _a550.7
_v3
_zrus
686 _a38
_2rugasnti
686 _a26.3
_2rubbk
686 _aЕ081.1
686 _aЕ072.9
700 1 _4070
_8rus
_7ca
_aВернадский
_bВ. И.
_f1863-1945
_gВладимир Иванович
_3RU\NLR\auth\775962
_9115918
702 1 _4340
_7ca
_8rus
_aЯншина
_bФ. Т.
_f1933-2011
_gФидан Тауфиковна
_9185157
_3RU\NLR\AUTH\770185208
801 0 _aRU
_bRKP
_c20010716
_gPSBO
801 1 _aRU
_bRKP
_c20010716
801 2 _aRU
_bNLR
_c20020620
_grcr
942 _cBOOK
980 _aNB